• AIU
  • Tony Wilmot Memorial Library

Ebaibo inzienukhu (Record no. 67920)

MARC details
000 -LEADER
fixed length control field 00619nam a22002057a 4500
003 - CONTROL NUMBER IDENTIFIER
control field OSt
005 - DATE AND TIME OF LATEST TRANSACTION
control field 20240520154058.0
008 - FIXED-LENGTH DATA ELEMENTS--GENERAL INFORMATION
fixed length control field 240520b |||||||| |||| 00| 0 eng d
020 ## - INTERNATIONAL STANDARD BOOK NUMBER
International Standard Book Number 9789966480941
040 ## - CATALOGING SOURCE
Original cataloging agency AIU Library - Kenya
Transcribing agency AIU Library - Kenya
Modifying agency AIU Library - Kenya
082 ## - DEWEY DECIMAL CLASSIFICATION NUMBER
Edition number BS 325.N96
Item number 2000
245 ## - TITLE STATEMENT
Title Ebaibo inzienukhu
260 ## - PUBLICATION, DISTRIBUTION, ETC. (IMPRINT)
Place of publication, distribution, etc Nairobi, Kenya :
Name of publisher, distributor, etc Bible Society of Kenya,
Date of publication, distribution, etc c2000.
300 ## - PHYSICAL DESCRIPTION
Extent vi, 1047, 344 p.;
500 ## - GENERAL NOTE
General note [Africana].
630 ## - SUBJECT ADDED ENTRY--UNIFORM TITLE
Uniform title Bible. Lunyore.
9 (RLIN) 56199
650 ## - SUBJECT ADDED ENTRY--TOPICAL TERM
Topical term or geographic name as entry element Lunyore language
General subdivision Texts.
9 (RLIN) 56200
710 ## - ADDED ENTRY--CORPORATE NAME
Corporate name or jurisdiction name as entry element Bible Society of Kenya
9 (RLIN) 55779
942 ## - ADDED ENTRY ELEMENTS (KOHA)
Source of classification or shelving scheme Library of Congress Classification
Koha item type Africana collection ( Reference)
Holdings
Withdrawn status Lost status Source of classification or shelving scheme Damaged status Not for loan Collection code Home library Current library Shelving location Date acquired Source of acquisition Cost, normal purchase price Total Checkouts Full call number Barcode Date last seen Copy number Price effective from Koha item type
    Library of Congress Classification     Reference AIU/NEGST - Tony Wilmot Memorial Library AIU/NEGST - Tony Wilmot Memorial Library Reference 10/30/2023 Donation - Prof. Robert Priest. 9.09   REF BS 325.N96 2000 T17049W3232 05/20/2024 1 05/20/2024 Africana collection ( Reference)